Gyógyíthatatlan betegsége miatt agyonlőtte magát Újszegeden egy nyugalmazott jegyző
Elmentve itt :
| Dokumentumtípus: | Cikk |
|---|---|
| Megjelent: |
1937-08-24
|
| Sorozat: | Délmagyarország
13 No. 192 |
| Kulcsszavak: | Szende Gyula, Haláleset, Öngyilkosság |
| Online Access: | http://dmarchiv.bibl.u-szeged.hu/40521 |
| LEADER | 00486nab a2200145 i 4500 | ||
|---|---|---|---|
| 001 | delm40521 | ||
| 005 | 20180927130028.0 | ||
| 008 | 180927s1937 hu o 0|| hun d | ||
| 040 | |a SZTE Délmagyarország Archívum |b hun | ||
| 041 | |a hun | ||
| 245 | 0 | 0 | |a Gyógyíthatatlan betegsége miatt agyonlőtte magát Újszegeden egy nyugalmazott jegyző |h [elektronikus dokumentum] |
| 260 | |c 1937-08-24 | ||
| 300 | |a 6 | ||
| 490 | 0 | |a Délmagyarország |v 13 No. 192 | |
| 695 | |a Szende Gyula, Haláleset, Öngyilkosság | ||